00507nam a2200181 a 4500003000800000005001700008008004100025035001900066040002700085041000800112082002000120100003800140245003200178260003000210300002900240600003900269700001700308BD-RjUL20250619130424.0250619s1949 nyubch 000 0 eng d a(BD-RjUL)22659 aDLCcDLCdBD-RjULbeng aeng00a824.8bTHW 19491 aThoreau, Henry David,d1817-1862.10aWalden /cHenry D. Thoreau. aLondon :bJ.M.Dont,c1949 a293 p, :bill. ;c17 cm. 0a Thoreau, Henry David,d1817-1862.1 aWhite, E. B.